000 01221nam a22003497a 4500
003 CHAP
005 20220329133843.0
008 971013s1985 r 00010 d
010 _a11811
011 _a12783
035 _a16396
040 _cCHAP
082 0 4 _a575.1
_bW56Y 1977
100 0 0 _aWinchester, Albert M.
_9122251
245 1 _aHerencia
_b: una introducción a la genética
260 _aMéxico, D.F. :
_bCECSA,
_c1985
300 _a301 p.
_b: ilus.
490 _aCompendios científicos
_v; el tutor del estudiante
500 _aTrad. en inglés de 1977
590 _aBATCH-UPD
_b10
_c20130110
_lUCH01
_h1816
590 _aBATCH-UPD
_b10
_c20130410
_lUCH01
_h1150
590 _aBATCH-UPD
_b10
_c20130914
_lUCH01
_h1534
590 _aCONVERSION
_b10
_c20130109
_lUCH01
_h1308
650 1 4 _aGenética.
_947469
650 1 4 _aHerencia.
_953725
830 0 _aCompendios científicos
_v; el tutor del estudiante
_926087
901 _aBK
942 _cLIBRO
949 _a575.1 W56Y 1977
_bBC
_cLIBRO
_d33724000401824
_eLIBRO
_fc.2
_h65954
_i16396
_si
949 _a575.1 W56Y 1977
_bBC
_cLIBRO
_d33724000401956
_eLIBRO
_fc.3
_h65955
_i16396
_si
949 _a575.1 W56Y 1977
_bBC
_cLIBRO
_d33724000828869
_eLIBRO
_h65953
_i16396
_si
999 _c11811
_d11811